000 01267nam a2200313 i 4500
003 EG-GICUC
005 20260121101651.0
008 260105s2002 ua ||||f |||| 00| 0 ara d
017 _a22/1127
020 _a996014903
040 _a EG-GICUC
_bara
_c EG-GICUC
_d EG-GICUC
_erda
041 _aara
082 0 4 _221
_a345.6930531
_bع ل . ر
092 0 4 _221
099 _aLaw1 07 345.6930531 ع ل . ر 2002
100 0 _aعلي شفيق
_eمؤلف.
245 1 2 _aالرقابة القضائية على أعمال الإدارة في المملكة العربية السعودية :
_bدراسة تحليلية مقارنة /
_cد. علي شفيق علي صالح .
264 1 _aالمملكة العربية السعودية :
_bمعهد الإدارة العامة ،
_c2002 .
300 _a349 ؛ صفحة
_c24 سم
336 _2rda content
_atext
337 _2rda media
_aComputer
338 _2rda carrier
_aOnline Resource
504 _a. 10-3 ببليوجرافيا: صفحات.
650 1 4 _aالرقابة القضائية علي اعمال الادارة
_xالقانون الإداري
_zالسعودية
_2qrmak
651 1 _2qrmak
856 4 0 _uhttps://fll.law.cu.edu.eg/fulltext/bks/B07-02503.pdf
905 _a61
942 _2ddc
_cBK
_e21
_n0
999 _c54745
_d54745